Mega Quiz geograficzny (Państwa Oceani) - Statystyki

Ogólne statystyki
  • Ten quiz został rozwiązany 22 razy
  • Średni wynik to 13 z 14
Statystyki odpowiedzi
Oceania Państwo % Poprawnych
11 Tuvalu
100%
1 Australia
95%
2 Fidżi
95%
4 Mikronezja
95%
6 Nowa Zelandia
95%
10 Tonga
95%
12 Vanuatu
95%
13 Wyspy Marshalla
95%
14 Wyspy Salomona
95%
7 Palau
90%
8 Papua-Nowa Gwinea
90%
9 Samoa
90%
5 Nauru
85%
3 Kiribati
80%
Nie znaleziono quizów pasujących do podanych kryteriów
Rozkład punktacji
Procent ludzi z każdym wynikiem
Percentyl według liczby udzielonych odpowiedzi
Twoja historia wyników
Nie rozwiązałeś tego quizu